000
00266 a2200133 4500
001
64394
040
_c
Anchieta - Pituba
240
1
0
_a
Nas asas da palavra
_l
por
245
1
0
_a
Nas asas da palavra
300
_a
94
362
0
_a
2011
650
4
_a
Poesia
942
_c
BK
999
_c
64394
_d
64394